[Event "Scarborough CC-ch"]
[Site "Toronto"]
[Date "2008.01.03"]
[Round "1"]
[White "Fan, Yibing"]
[Black "Casareno, Erwin"]
[Result "0-1"]
[WhiteElo "1866"]
[BlackElo "2371"]
[PlyCount "110"]
[EventDate "2008.01.03"]
[EventType "tourn"]
[EventRounds "9"]
[EventCountry "CAN"]
[SourceTitle "EXT 2011"]
[Source "ChessBase"]
[SourceDate "2010.11.26"]
[SourceVersion "1"]
[SourceVersionDate "2010.11.26"]
[SourceQuality "1"]

1. d4 d5 2. c4 c6 3. cxd5 cxd5 4. Nc3 Nc6 5. Nf3 Nf6 6. Bf4 Qb6 7. Na4 Qa5+ 8. Bd2 Qc7 9. g3 e6 10. a3 b5 11. Nc3 Qb6 12. e3 a6 13. b4 Bb7 14. Bd3 Bd6 15. Rc1 0-0 16. Na2 Rfe8 17. 0-0 e5 18. dxe5 Nxe5 19. Nxe5 Bxe5 20. Bc3 Rad8 21. Bd4 Qe6 22. Qf3 Ne4 23. Qh5 Bxd4 24. exd4 g6 25. Qd1 Qf6 26. Be2 Rc8 27. f3 Nd6 28. g4 Qf4 29. Rc5 Qe3+ 30. Rf2 h5 31. Qc1 hxg4 32. Qxe3 Rxe3 33. fxg4 Ne4 34. Rxc8+ Bxc8 35. Rg2 Rxa3 36. Bd1 Kg7 37. Rc2 Be6 38. Be2 Kh6 39. Kg2 Kg5 40. h3 Kf4 41. Nc1 Ke3 42. Bf3 Kxd4 43. Ne2+ Kd3 44. Rc6 Ke3 45. h4 Nd2 46. h5 gxh5 47. gxh5 Nxf3 48. h6 Ng5 49. Nc3 Kd4 50. Ne2+ Ke5 51. Ng3 d4 52. Rc5+ Bd5+ 53. Kf2 Rf3+ 54. Kg2 Rf6+ 55. Kg1 Rxh6 0-1

[Event "Scarborough CC Fall Swiss"]
[Site "Toronto"]
[Date "2007.11.29"]
[Round "5"]
[White "Fan, Yibing"]
[Black "Moysoski, Randy"]
[Result "0-1"]
[WhiteElo "1866"]
[BlackElo "1892"]
[PlyCount "86"]
[EventDate "2007.11.01"]
[EventType "swiss"]
[EventRounds "7"]
[EventCountry "CAN"]
[SourceTitle "EXT 2022"]
[Source "ChessBase"]
[SourceDate "2021.10.06"]
[SourceVersion "1"]
[SourceVersionDate "2021.10.06"]
[SourceQuality "1"]

1. d4 g6 2. c4 Bg7 3. Nc3 d6 4. e4 Nd7 5. Nge2 e5 6. d5 Ne7 7. g4 Nc5 8. Ng3 Bd7 9. Bg5 f6 10. Be3 Na6 11. Be2 c5 12. Qd2 Rg8 13. Bd1 Qa5 14. a3 Nc7 15. Nb1 Qxd2+ 16. Nxd2 b5 17. b4 Na6 18. cxb5 Bxb5 19. Be2 Bxe2 20. Kxe2 cxb4 21. axb4 Nxb4 22. Rxa7 Rxa7 23. Bxa7 Nc8 24. Ra1 Bh6 25. Nc4 Rg7 26. Bb8 Rd7 27. Ra4 Nc2 28. Ra6 Nd4+ 29. Kd3 Ke7 30. Ne2 Nb3 31. Rc6 Nc5+ 32. Kc2 Kd8 33. f3 Nb7 34. Nc3 Bf8 35. Nb5 Be7 36. Bc7+ Ke8 37. Bb8 Kd8 38. Na7 Nxa7 39. Bxa7 Ke8 40. Bb6 Kf7 41. Bc7 Nd8 42. Nxd6+ Bxd6 43. Bxd6 Nxc6 0-1

[Event "Toronto Howard Ridout Swiss"]
[Site "Toronto"]
[Date "2007.09.20"]
[Round "2"]
[White "Fan, Yibing"]
[Black "Wu, Aaron"]
[Result "1-0"]
[WhiteElo "1865"]
[BlackElo "1702"]
[PlyCount "131"]
[EventDate "2007.09.13"]
[EventType "swiss"]
[EventRounds "7"]
[EventCountry "CAN"]
[SourceTitle "EXT 2022"]
[Source "ChessBase"]
[SourceDate "2021.10.06"]
[SourceVersion "1"]
[SourceVersionDate "2021.10.06"]
[SourceQuality "1"]

1. d4 Nf6 2. c4 g6 3. Nc3 Bg7 4. e4 d6 5. Bd3 e5 6. d5 0-0 7. Nge2 Nh5 8. Be3 f5 9. f3 f4 10. Bf2 g5 11. h3 Nf6 12. Qb3 h5 13. 0-0-0 Nbd7 14. Na4 b6 15. Qa3 Nc5 16. Nxc5 bxc5 17. Bc2 Bd7 18. Ba4 Bxa4 19. Qxa4 Qd7 20. Qa3 g4 21. Rdf1 g3 22. Be1 c6 23. Nc3 cxd5 24. Nxd5 Nxd5 25. cxd5 Qb5 26. Bc3 Qe2 27. Rhg1 Rfb8 28. b3 Qe3+ 29. Bd2 Qd3 30. Qb2 a5 31. Qc3 Qb5 32. Kc2 a4 33. Qb2 axb3+ 34. Qxb3 Qe2 35. Re1 Rxb3 36. Rxe2 Rba3 37. Ra1 Rxa2+ 38. Rxa2 Rxa2+ 39. Kb3 Ra6 40. Bc3 Bf8 41. Ra2 Rxa2 42. Kxa2 Kf7 43. Kb3 Ke7 44. Kc4 Kd7 45. Kb5 Be7 46. Ba5 Bd8 47. Be1 Be7 48. Bc3 Bd8 49. Bd2 Bc7 50. Bc1 Bd8 51. Bb2 Kc7 52. Bc1 Kb7 53. Bd2 Bb6 54. Bc1 Bc7 55. Ba3 Bd8 56. Bxc5 dxc5 57. Kxc5 Be7+ 58. d6 Bf6 59. Kd5 Kc8 60. Ke6 Bh8 61. Ke7 Bf6+ 62. Kxf6 Kd7 63. Kxe5 h4 64. Kxf4 Kxd6 65. Kg4 Ke5 66. Kxh4 1-0